[Event "15k move celebration tourney"]
[Site "SchemingMind.com"]
[Date "2009.08.07"]
[Round "-"]
[White "goodknight"]
[Black "klagefall"]
[Result "1-0"]
[WhiteCountry "POL"]
[BlackCountry "GER"]
[WhiteElo "2236"]
[WhiteRD "70"]
[BlackElo "2045"]
[BlackRD "56"]
[GameID "215042"]

1. e4 e5 2. Nf3 Nc6 3. d4 exd4 4. Nxd4 Nf6 5. Nxc6 bxc6 6. Bd3 d5 7. e5 Ng4 8. O-O Bc5 9. Bf4 g5 10. Bg3 h5
11. Be2 h4 12. Bxg4 hxg3 13. hxg3 f5 14. exf6 Qxf6 15. Bh5+ Kf8 16. Nc3 Kg7 17. g4 Ba6 18. Na4 Bd6 19. Re1 Qf4 20. g3 Qxa4
21. Qd2 Rxh5 22. gxh5 Qg4 23. Qc3+ Kf7 24. h6 Be2 25. Rxe2 Qxe2 26. Re1 Be5 27. Qa5 Qb5 28. Qxb5 cxb5 29. Rxe5 Kg6 30. Rxd5 a6
31. Rc5 Kxh6 32. Rxc7 Kg6 33. Kg2 g4 34. b3 Kf5 35. c4 bxc4 36. Rxc4
1-0

[Event "15k move celebration tourney"]
[Site "SchemingMind.com"]
[Date "2009.08.14"]
[Round "-"]
[White "jl1234"]
[Black "john1960uk"]
[Result "0-1"]
[WhiteCountry "POL"]
[BlackCountry "ENG"]
[WhiteElo "1816"]
[WhiteRD "72"]
[BlackElo "1867"]
[BlackRD "97"]
[GameID "215407"]

1. e4 e5 2. Nf3 Nc6 3. Bb5 a6 4. Bxc6 dxc6 5. h3 f6 6. O-O Bc5 7. c3 Qd3 8. Re1 Be6 9. b3 O-O-O 10. Qe2 Nh6
11. Ba3 Bb6 12. Bb4 c5 13. Ba3 c4 14. b4 g5 15. Qxd3 Rxd3 16. Bc1 Bxh3 17. Nh2 Rg3
0-1

[Event "15k move celebration tourney"]
[Site "SchemingMind.com"]
[Date "2009.08.24"]
[Round "-"]
[White "Theodoric"]
[Black "sthorwall"]
[Result "1/2-1/2"]
[WhiteCountry "ENG"]
[BlackCountry "USA"]
[WhiteElo "1990"]
[WhiteRD "68"]
[BlackElo "2051"]
[BlackRD "68"]
[GameID "216741"]

1. e4 e5 2. Nf3 Nc6 3. Bc4 Nf6 4. Ng5 d5 5. exd5 Na5 6. Bb5+ c6 7. dxc6 bxc6 8. Qf3 Be7 9. Bxc6+ Nxc6 10. Qxc6+ Bd7
11. Qc4 O-O 12. Nc3 Bf5 13. d3 Rc8 14. Qb5 Bc5 15. O-O Bd4 16. Nf3 Bg4 17. Nxd4 exd4 18. Ne4 Nxe4 19. dxe4 Rxc2 20. Qd3 Qc7
21. Bf4 Qc4 22. Qxc4 Rxc4 23. f3 Be6 24. Rfd1 Rd8 25. Rd3 f5 26. Be5 fxe4 27. fxe4 Rc2 28. Rxd4 Rxd4 29. Bxd4 a6 30. Bc3 Re2
31. Re1 Rxe1+ 32. Bxe1 Bxa2 33. Kf2 g5 34. Bc3 Kf7 35. b4 h5= 36. Kg3 Bb1 37. e5 Ba2 38. Bd2 Kg6 39. h4 g4 40. Kf4 Bd5
41. g3 Be6 42. Ke4 Kf7 43. Be3 Kg6 44. Kf4 Bd5 45. Bd4=
1/2-1/2

[Event "15k move celebration tourney"]
[Site "SchemingMind.com"]
[Date "2009.08.24"]
[Round "-"]
[White "sthorwall"]
[Black "Theodoric"]
[Result "1-0"]
[WhiteCountry "USA"]
[BlackCountry "ENG"]
[WhiteElo "2051"]
[WhiteRD "68"]
[BlackElo "1990"]
[BlackRD "68"]
[GameID "216747"]

1. e4 e6 2. d4 d5 3. Nc3 Bb4 4. e5 c5 5. a3 Bxc3+ 6. bxc3 Ne7 7. Qg4 Nf5 8. Bd3 h5 9. Qf4 Nc6 10. Nf3 Nce7
11. dxc5 Qc7 12. O-O Qxc5 13. Qb4 b6 14. Rb1 Bd7 15. Qxc5 bxc5 16. c4 dxc4 17. Bxc4 Bc6 18. Nd2 Ng6 19. Re1 O-O-O 20. Nb3 Nfh4
21. Bf1 Rd5 22. Bg5 Nf5 23. f4 Nd4 24. c4 Nxb3 25. cxd5 Bxd5 26. Re3 Nd2 27. Rc1 Ne4 28. Bd3 Nxg5 29. fxg5 Rd8 30. Rxc5+ Kd7
31. Bxg6 fxg6 32. Rec3 Ke7 33. Rc8 a6 34. R3c7+ Rd7 35. Rxd7+ Kxd7 36. Rg8 Be4 37. Kf2 Kc6 38. Ke3 Bf5 39. Kd4 Kb5 40. Rxg7 Kc6
41. Ra7 Kb6 42. Rf7 Bc2 43. Rf2
1-0

[Event "15k move celebration tourney"]
[Site "SchemingMind.com"]
[Date "2009.08.28"]
[Round "-"]
[White "Mekon"]
[Black "vinz"]
[Result "0-1"]
[WhiteCountry "USA"]
[BlackCountry "FRA"]
[WhiteElo "1650"]
[WhiteRD "105"]
[BlackElo "1814"]
[BlackRD "87"]
[GameID "217184"]

1. e4 c5 2. Nf3 Nc6 3. d4 cxd4 4. Nxd4 e5 5. Nb5 d6 6. c4 Nf6 7. N1c3 a6 8. Na3 Be7 9. Bg5 Nd4 10. Nc2 Qb6
11. b3 Ng4 12. Na4 Qa5+ 13. Bd2 Qc7 14. Be2 Nf6 15. Nc3 O-O 16. O-O Nxe2+ 17. Qxe2 b5 18. cxb5 axb5 19. Nxb5 Qxc2 20. Rfc1 Qxe4
0-1

[Event "15k move celebration tourney"]
[Site "SchemingMind.com"]
[Date "2009.08.28"]
[Round "-"]
[White "vinz"]
[Black "Mekon"]
[Result "0-1"]
[WhiteCountry "FRA"]
[BlackCountry "USA"]
[WhiteElo "1776"]
[WhiteRD "85"]
[BlackElo "1738"]
[BlackRD "90"]
[GameID "217187"]

1. Nf3 Nf6 2. c4 e6 3. Nc3 Bb4 4. e3 O-O 5. Be2 b6 6. a3 Bxc3 7. bxc3 Re8 8. d4 Bb7 9. O-O d5 10. Bd3 Nbd7
11. Ne5 Rc8 12. Bd2 Nxe5 13. dxe5 Nd7 14. f4 Nc5 15. Bc2 dxc4 16. Qe2 Ne4 17. Be1 Qd5 18. Bxe4 Qxe4 19. Rf3 Qd3 20. Rf2 Qxe2
21. Rxe2 Rcd8 22. Rb1 a5 23. h4 h5 24. Kh2 Be4 25. Rbb2 Rd7 26. Kh3 Red8 27. Rf2 Rd3 28. Rbe2 Bf5+ 29. Kh2 Bg4 30. Rd2 Rxd2
31. Bxd2 Rd3 32. a4 c6 33. e4 b5 34. f5 exf5 35. exf5 Bxf5 36. Rxf5 Rxd2 37. e6 fxe6 38. Re5 Kf7 39. axb5 cxb5 40. Rxb5 Rd5
41. Rb1 Kf6 42. Kg3 g5 43. hxg5+ Kxg5 44. Kf3 h4 45. Ke4 Kg4 46. Rb6 Rd2 47. Ra6 Rxg2 48. Rxe6 Re2+
0-1

[Event "15k move celebration tourney"]
[Site "SchemingMind.com"]
[Date "2009.08.26"]
[Round "-"]
[White "andu"]
[Black "goodknight"]
[Result "0-1"]
[WhiteCountry "AUT"]
[BlackCountry "POL"]
[WhiteElo "1957"]
[WhiteRD "51"]
[BlackElo "2254"]
[BlackRD "71"]
[GameID "217287"]

1. e4 c5 2. Nf3 d6 3. d4 cxd4 4. Nxd4 Nf6 5. Nc3 a6 6. Bc4 e6 7. O-O b5 8. Bd3 Bb7 9. Re1 Be7 10. Be3 O-O
11. a3 Nbd7 12. f3 Ne5 13. Qe2 Qc7 14. f4 Neg4 15. Rad1 Nxe3 16. Qxe3 Qc5 17. h3 Rfd8 18. g4 Rac8 19. Rd2 h6 20. Qf2 Nd7
21. Nce2 g5 22. f5 Ne5 23. fxe6 fxe6 24. Kh1 Rf8 25. Qg2 d5 26. b4 Qb6 27. Rdd1 Nxd3 28. Rxd3 dxe4 29. Rdd1 e3
0-1

[Event "15k move celebration tourney"]
[Site "SchemingMind.com"]
[Date "2009.08.28"]
[Round "-"]
[White "goodknight"]
[Black "andu"]
[Result "1-0"]
[WhiteCountry "POL"]
[BlackCountry "AUT"]
[WhiteElo "2254"]
[WhiteRD "71"]
[BlackElo "1957"]
[BlackRD "51"]
[GameID "217290"]

1. e4 c5 2. Nf3 e6 3. d4 cxd4 4. Nxd4 Nf6 5. Nc3 Nc6 6. Bg5 h6 7. Bh4 Be7 8. Nxc6 bxc6 9. e5 Nd5 10. Bxe7 Qxe7
11. Qd4 Rb8 12. Ne4 Qb4+ 13. Qxb4 Rxb4 14. c4 Nf4 15. Nd6+ Ke7 16. g3 Ng6 17. f4 Rxb2 18. c5 Bb7 19. Bd3 Rb8 20. O-O f5
21. exf6+ gxf6 22. Bxg6 Ba6 23. Rfe1 Rd2 24. Rab1 Rxb1 25. Bxb1 Rd5 26. Rc1 Rd2 27. Bc2 Rg2+ 28. Kxg2
1-0

[Event "15k move celebration tourney"]
[Site "SchemingMind.com"]
[Date "2009.08.27"]
[Round "-"]
[White "DandyLion"]
[Black "Quaff"]
[Result "0-1"]
[WhiteCountry "IRL"]
[BlackCountry "ENG"]
[WhiteElo "1908"]
[WhiteRD "70"]
[BlackElo "1602"]
[BlackRD "84"]
[GameID "217598"]

1. e4 e5 2. f4 exf4 3. Nf3 g5 4. h4 g4 5. Ne5 g3 6. Bc4 Nh6 7. d4 d6 8. Nd3 Bg4 9. Qd2 Qf6 10. Nxf4 Nd7
11. Nc3 O-O-O 12. Ncd5 Qg7 13. Qd3 Re8 14. O-O f5 15. Nc3 Qf6 16. Nfd5 Qxh4 17. Rd1 Qh2+ 18. Kf1 Qh1#
0-1

[Event "15k move celebration tourney"]
[Site "SchemingMind.com"]
[Date "2009.08.27"]
[Round "-"]
[White "Quaff"]
[Black "DandyLion"]
[Result "0-1"]
[WhiteCountry "ENG"]
[BlackCountry "IRL"]
[WhiteElo "1602"]
[WhiteRD "84"]
[BlackElo "1908"]
[BlackRD "70"]
[GameID "217607"]

1. e4 e5 2. Nf3 Nc6 3. c3 d5 4. exd5 Qxd5 5. c4 Qd6 6. Nc3 Bg4 7. Be2 Nf6 8. h3 Bh5 9. d3 O-O-O 10. Bg5 Be7
11. O-O h6 12. Bh4 Rhe8 13. a3 Bxf3 14. Bxf3 Kb8 15. Be2 Nd4 16. Bxf6 Bxf6 17. b4 Nxe2+ 18. Qxe2 Qxd3 19. Qxd3 Rxd3 20. Nd5 Bd8
21. f4 c6 22. fxe5 cxd5
0-1

[Event "15k move celebration tourney"]
[Site "SchemingMind.com"]
[Date "2009.09.23"]
[Round "-"]
[White "GBEDARD"]
[Black "bull mccabe"]
[Result "1-0"]
[WhiteCountry "USA"]
[BlackCountry "IRL"]
[WhiteElo "2138"]
[WhiteRD "87"]
[BlackElo "1706"]
[BlackRD "99"]
[GameID "220635"]

1. e4 c5 2. Nf3 Nc6 3. d4 cxd4 4. Nxd4 e5 5. Nb5 d6 6. c4 a6 7. N5c3 Nf6 8. Bd3 h6 9. Be3 Be7 10. Nd5 O-O
11. Bb6 Qd7 12. O-O Nxd5 13. exd5 Nd4 14. Nd2 Re8 15. Re1 Qg4 16. c5 Qxd1 17. Raxd1 Bg4 18. cxd6 Bxd6 19. f3 Bf5 20. Nc4
1-0

[Event "15k move celebration tourney"]
[Site "SchemingMind.com"]
[Date "2009.09.22"]
[Round "-"]
[White "bull mccabe"]
[Black "GBEDARD"]
[Result "1-0"]
[WhiteCountry "IRL"]
[BlackCountry "USA"]
[WhiteElo "1737"]
[WhiteRD "95"]
[BlackElo "2133"]
[BlackRD "85"]
[GameID "220639"]

1. e4 g6 2. d4 Bg7 3. Nf3 c6 4. Nc3 d5 5. h3 dxe4 6. Nxe4 Nd7 7. Bc4 Ngf6 8. Nxf6+ Nxf6 9. O-O O-O 10. Re1 Bf5
11. Qe2 Re8 12. Bg5 h6 13. Ne5 Nd5 14. Bh4 Qb6 15. c3 Bxe5 16. dxe5 Rad8 17. Rad1 Be6 18. Qf3 Qxb2 19. Rb1 Qc2 20. Bb3
1-0

[Event "15k move celebration tourney"]
[Site "SchemingMind.com"]
[Date "2009.10.13"]
[Round "-"]
[White "Clive Everill"]
[Black "raz9364"]
[Result "0-1"]
[WhiteCountry "CZE"]
[BlackCountry "ENG"]
[WhiteElo "1659"]
[WhiteRD "48"]
[BlackElo "2048"]
[BlackRD "131"]
[GameID "222956"]

1. e4 c5 2. f4 e6 3. Bc4 d5 4. exd5 exd5 5. Bb5+ Bd7 6. Qe2+ Be7 7. Bxd7+ Nxd7 8. d3 Ngf6 9. Nf3 O-O 10. O-O Bd6
11. Nc3 Re8 12. Qd1 a6 13. b3 d4 14. Ne2 Qc7 15. Ne1 Nd5 16. g3 N7f6 17. Ng2 Qe7 18. Re1 Qd7 19. Kh1 Ng4 20. Rf1 Qf5
21. Bd2 Nxh2 22. Nh4 Qh3 23. Rf2 Nf3+
0-1

[Event "15k move celebration tourney"]
[Site "SchemingMind.com"]
[Date "2009.10.13"]
[Round "-"]
[White "raz9364"]
[Black "Clive Everill"]
[Result "1-0"]
[WhiteCountry "ENG"]
[BlackCountry "CZE"]
[WhiteElo "2048"]
[WhiteRD "131"]
[BlackElo "1659"]
[BlackRD "48"]
[GameID "222966"]

1. f4 d5 2. b3 Bg4 3. Bb2 e6 4. g3 Nf6 5. Bg2 Nbd7 6. Nc3 a6 7. h3 Bh5 8. Nf3 Bg6 9. e3 Bd6 10. d3 Qe7
11. Qe2 O-O-O 12. O-O-O Nb6 13. g4 h6 14. Kb1 Nfd7 15. h4 f5 16. h5 Be8 17. gxf5 exf5 18. Nd4 Qf7 19. Bh3 Kb8 20. Bxf5 Nc5
21. Qg4 Bd7 22. e4 dxe4 23. dxe4 Rhf8 24. Bxd7 Nbxd7 25. e5 Bxe5 26. fxe5 Nxe5 27. Qg3 Ned7 28. b4 Ne6 29. Nxe6 Qxe6 30. Nd5 Rc8
31. Rhe1 Qf7 32. Qxg7 c6 33. Ne7 Rcd8 34. Qxf7 Rxf7 35. Be5+ Ka7 36. Bc7 Re8 37. Rxd7
1-0

[Event "15k move celebration tourney"]
[Site "SchemingMind.com"]
[Date "2009.10.22"]
[Round "-"]
[White "raz9364"]
[Black "DandyLion"]
[Result "1-0"]
[WhiteCountry "ENG"]
[BlackCountry "IRL"]
[WhiteElo "2099"]
[WhiteRD "122"]
[BlackElo "1902"]
[BlackRD "79"]
[GameID "223849"]

1. f4 d5 2. b3 Nc6 3. Nf3 e5 4. fxe5 Nxe5 5. Bb2 Nxf3+ 6. exf3 Bf5 7. Qe2+ Ne7 8. Na3 Qd7 9. Qe3 Qe6 10. Nb5 Qxe3+
11. dxe3 Kd7 12. O-O-O c6 13. e4 Bg6 14. Nc3 Kc7 15. exd5 Nxd5 16. Nxd5+ cxd5 17. Rxd5 f6 18. Bc4 Bd6 19. h4 Rad8 20. h5 Bf7
21. Rxd6 Rxd6 22. Bxf7 Rhd8 23. h6 g6 24. Re1 a6 25. c4 b6 26. Bd5 Rf8 27. Ba3 Rfd8 28. Bxd6+ Kxd6 29. Re6+
1-0

[Event "15k move celebration tourney"]
[Site "SchemingMind.com"]
[Date "2009.10.22"]
[Round "-"]
[White "DandyLion"]
[Black "raz9364"]
[Result "0-1"]
[WhiteCountry "IRL"]
[BlackCountry "ENG"]
[WhiteElo "1902"]
[WhiteRD "79"]
[BlackElo "2099"]
[BlackRD "122"]
[GameID "223853"]

1. e4 c5 2. Nf3 d6 3. d4 cxd4 4. Nxd4 Nf6 5. Nc3 a6 6. Bc4 e6 7. Bb3 b5 8. Bg5 Be7 9. Qf3 Qc7 10. O-O O-O
11. Rad1 Nbd7 12. Rfe1 h6 13. Bh4 Nc5 14. a3 Bb7 15. Bxf6 Bxf6 16. Ba2 Qb6 17. Qe3 b4 18. axb4 Qxb4 19. Nb3 Rfd8 20. Nxc5 dxc5
21. e5 Bg5 22. f4 Bxf4 23. Qe2 Qxb2 24. Rb1 Qxc3 25. Rxb7 Rd2 26. Qh5 Rf8 27. Qg4 Rxc2 28. Rf1 Qe3+ 29. Kh1 Rxa2 30. h4 Rf2
31. Rfb1 Bxe5
0-1

[Event "15k move celebration tourney"]
[Site "SchemingMind.com"]
[Date "2009.11.24"]
[Round "-"]
[White "bull mccabe"]
[Black "sthorwall"]
[Result "1/2-1/2"]
[WhiteCountry "IRL"]
[BlackCountry "USA"]
[WhiteElo "1783"]
[WhiteRD "91"]
[BlackElo "2089"]
[BlackRD "68"]
[GameID "227241"]

1. e4 e5 2. Nf3 Nf6 3. d4 Nxe4 4. Bd3 d5 5. Nxe5 Nd7 6. Nxd7 Bxd7 7. O-O Bd6 8. c4 c6 9. cxd5 cxd5 10. Nc3 Nxc3
11. bxc3 O-O 12. Bd2 Qc7 13. g3 a6 14. Qc2 h6=
1/2-1/2

[Event "15k move celebration tourney"]
[Site "SchemingMind.com"]
[Date "2009.11.24"]
[Round "-"]
[White "sthorwall"]
[Black "bull mccabe"]
[Result "1-0"]
[WhiteCountry "USA"]
[BlackCountry "IRL"]
[WhiteElo "2089"]
[WhiteRD "68"]
[BlackElo "1783"]
[BlackRD "91"]
[GameID "227244"]

1. e4 c5 2. b4 cxb4 3. Nf3 d6 4. d4 Nf6 5. Bd3 e6 6. a3 Nc6 7. O-O bxa3 8. Nxa3 Be7 9. Qe2 O-O 10. Bd2 Bd7
11. e5 dxe5 12. dxe5 Nd5 13. c4 Nb6 14. Qe4 g6 15. Nc2 Qc7 16. Be3 Rfc8 17. Rfd1 a5 18. Be2= Nb8 19. Ncd4 Na6 20. Bg5 Bb4
21. Bf6 Nxc4 22. Ng5 h5 23. Ngxe6 Bxe6 24. Nxe6 Qc6 25. Qf4 Qxe6 26. Qh6
1-0

[Event "15k move celebration tourney"]
[Site "SchemingMind.com"]
[Date "2009.11.21"]
[Round "-"]
[White "john1960uk"]
[Black "Mekon"]
[Result "1-0"]
[WhiteCountry "ENG"]
[BlackCountry "USA"]
[WhiteElo "2060"]
[WhiteRD "86"]
[BlackElo "1747"]
[BlackRD "79"]
[GameID "227657"]

1. e4 Nf6 2. e5 Nd5 3. d4 d6 4. Nf3 Bg4 5. Be2 e6 6. c4 Nb6 7. h3 Bh5 8. exd6 cxd6 9. Nc3 Be7 10. d5 e5
11. g4 Bg6 12. h4 f6 13. h5 Bf7 14. Qb3 O-O 15. Be3 N8d7 16. h6 Bg6 17. Nh4 Qe8 18. Nxg6 Qxg6 19. c5 dxc5 20. d6+ Kh8
21. dxe7 Rfe8 22. Qe6 Rg8 23. Bb5 Qe8 24. O-O-O
1-0

[Event "15k move celebration tourney"]
[Site "SchemingMind.com"]
[Date "2009.11.22"]
[Round "-"]
[White "Mekon"]
[Black "john1960uk"]
[Result "0-1"]
[WhiteCountry "USA"]
[BlackCountry "ENG"]
[WhiteElo "1747"]
[WhiteRD "79"]
[BlackElo "2060"]
[BlackRD "86"]
[GameID "227665"]

1. e4 e5 2. Nf3 Nc6 3. d4 exd4 4. Nxd4 Bc5 5. Nb3 Bb4+ 6. c3 Be7 7. c4 Nf6 8. Nc3 O-O 9. Be2 Re8 10. O-O a5
11. a4 d6 12. Be3 Nd7 13. Nb5 Bf6 14. Qd2 Rxe4 15. Bd3 Re8 16. Rfe1 Nde5 17. Bc2 g6 18. c5 Nc4 19. Qc1 Bxb2 20. Qb1 Bxa1
21. Qxa1 Nxe3 22. Rxe3 Rxe3 23. fxe3 Nb4 24. Be4 Be6 25. N3d4 Bd5
0-1

[Event "15k move celebration tourney"]
[Site "SchemingMind.com"]
[Date "2009.12.21"]
[Round "-"]
[White "goodknight"]
[Black "sthorwall"]
[Result "1/2-1/2"]
[WhiteCountry "POL"]
[BlackCountry "USA"]
[WhiteElo "2263"]
[WhiteRD "85"]
[BlackElo "2116"]
[BlackRD "68"]
[GameID "231339"]

1. e4 e5 2. Nf3 Nc6 3. d4 exd4 4. Nxd4 Bc5 5. Be3 Qf6 6. c3 Nge7 7. Bc4 O-O 8. O-O Bb6 9. Nc2 Ne5 10. Be2 N7g6
11. Qd2 Bxe3 12. Nxe3 Nf4 13. Nd5 Nxd5 14. exd5 d6 15. Na3 Bf5 16. Nc4 Ng6 17. Rae1 Rfe8 18. a3 h6 19. Na5 Bd7 20. Bf3 Bh3
21. Rxe8+ Rxe8 22. Re1 Rxe1+ 23. Qxe1 Ne5 24. Be4 Bc8=
1/2-1/2

[Event "15k move celebration tourney"]
[Site "SchemingMind.com"]
[Date "2009.12.21"]
[Round "-"]
[White "sthorwall"]
[Black "goodknight"]
[Result "1/2-1/2"]
[WhiteCountry "USA"]
[BlackCountry "POL"]
[WhiteElo "2116"]
[WhiteRD "68"]
[BlackElo "2263"]
[BlackRD "85"]
[GameID "231345"]

1. e4 c5 2. Nf3 d6 3. d4 cxd4 4. Nxd4 Nf6 5. Nc3 a6 6. Be3 e5 7. Nb3 Be6 8. f3 Nbd7 9. g4 Nb6 10. g5 Nh5
11. Qd2 Be7 12. O-O-O Rc8 13. Kb1 O-O 14. Rg1 g6 15. h4 Qc7 16. Qf2 Bd8 17. f4 Nxf4 18. Bxf4 exf4 19. Qxf4 Na4 20. Rg3 Nxc3+
21. Rxc3 Qe7 22. Rxc8 Bxc8 23. Bc4 Kg7 24. Bd5 Qe5 25. Qe3 f6 26. Nd2 fxg5 27. Nf3 Rxf3 28. Qxf3=
1/2-1/2

[Event "15k move celebration tourney"]
[Site "SchemingMind.com"]
[Date "2010.01.31"]
[Round "-"]
[White "john1960uk"]
[Black "raz9364"]
[Result "1/2-1/2"]
[WhiteCountry "ENG"]
[BlackCountry "ENG"]
[WhiteElo "2120"]
[WhiteRD "92"]
[BlackElo "2155"]
[BlackRD "126"]
[GameID "237065"]

1. e4 c5 2. c3 d5 3. exd5 Qxd5 4. d4 Nf6 5. Nf3 Bg4 6. dxc5 Qxc5 7. Na3 a6 8. h3 Bh5 9. Be3 Qc7 10. g4 Bg6
11. Bg2 Nbd7 12. g5 Nh5 13. O-O Nf4 14. Bxf4 Qxf4 15. Qe2 e6 16. Rad1 Bxa3 17. bxa3 Qc7 18. Rd4 Rc8 19. Rfd1 Nc5 20. Ne5 Bh5
21. Qxh5 Qxe5 22. Qg4 O-O 23. Qh4 b5 24. c4 Na4 25. cxb5 axb5 26. Qg3 Qc5 27. Rd7 Nc3 28. R1d2 Qxa3 29. Kh2 Qa5 30. Bb7 Rc4
31. Qd6 Qb4 32. Qxb4 Rxb4 33. Rc7 Ne4 34. Bxe4 Rxe4 35. Kg3 Re5 36. h4 g6 37. Rb2 Rb8 38. a4 b4 39. Rc4 b3 40. Rc3 Ra5
41. Rcxb3 Rxb3+ 42. Rxb3 Rxa4 43. Rb7 Ra5 44. f3 Kg7 45. Kg4 Rf5 46. Rb8 h5+ 47. Kg3 f6 48. Rb7+ Kf8 49. Rb8+ Ke7 50. Rb7+ Ke8
51. Rb8+ Kd7 52. gxf6 Rxf6 53. f4 Rf5 54. Rg8 Rf6 55. Rb8 Rf5=
1/2-1/2

[Event "15k move celebration tourney"]
[Site "SchemingMind.com"]
[Date "2010.01.31"]
[Round "-"]
[White "raz9364"]
[Black "john1960uk"]
[Result "1-0"]
[WhiteCountry "ENG"]
[BlackCountry "ENG"]
[WhiteElo "2155"]
[WhiteRD "126"]
[BlackElo "2120"]
[BlackRD "92"]
[GameID "237078"]

1. f4 d5 2. b3 Nc6 3. Nf3 g6 4. Bb2 Nf6 5. e3 Bg7 6. Bb5 Bd7 7. O-O O-O 8. d3 Nb4 9. Bxd7 Qxd7 10. a3 Nc6
11. Qe1 a5 12. Nbd2 Qe6 13. e4 dxe4 14. dxe4 Rfd8 15. e5 Nd5 16. g3 Qg4 17. Kh1 Nb6 18. Qe2 a4 19. b4 h5 20. Rfe1 Rd7
21. Rab1 Rad8 22. Ne4 Nc4 23. b5 N6a5 24. Bc3 Nxa3 25. Bxa5 Nxb1 26. Rxb1 b6 27. Bb4 h4 28. Kg2 h3+ 29. Kf1 f6 30. Bc3 fxe5
31. Bxe5 Bxe5 32. Qc4+ Rd5 33. Nxe5 Qe6 34. Nd3 a3 35. Ng5 Qe3 36. Nb4 Qc5 37. Qb3 e6 38. Nxd5 Rxd5 39. Ra1 Qd4 40. Qxa3 Qc4+
41. Ke1 Qd4 42. Ke2 Qd2+ 43. Kf3 Qg2+ 44. Kg4 Qe2+ 45. Qf3 Qxf3+ 46. Kxf3 e5 47. Ra8+
1-0

[Event "15k move celebration tourney"]
[Site "SchemingMind.com"]
[Date "2010.05.21"]
[Round "-"]
[White "sthorwall"]
[Black "raz9364"]
[Result "1-0"]
[WhiteCountry "USA"]
[BlackCountry "ENG"]
[WhiteElo "2168"]
[WhiteRD "86"]
[BlackElo "2077"]
[BlackRD "120"]
[GameID "249010"]

1. e4 c5 2. Nf3 d6 3. d4 cxd4 4. Nxd4 Nf6 5. Nc3 a6 6. Bc4 e6 7. Bb3 Be7 8. O-O Nc6 9. f4 O-O 10. Be3 Nxd4
11. Bxd4 b5 12. e5 dxe5 13. fxe5 Nd7 14. Ne4
1-0

[Event "15k move celebration tourney"]
[Site "SchemingMind.com"]
[Date "2010.05.21"]
[Round "-"]
[White "raz9364"]
[Black "sthorwall"]
[Result "0-1"]
[WhiteCountry "ENG"]
[BlackCountry "USA"]
[WhiteElo "2077"]
[WhiteRD "120"]
[BlackElo "2168"]
[BlackRD "86"]
[GameID "249053"]

1. f4 d5 2. b3 Nf6 3. e3 Bf5 4. Nf3 c5 5. Bb2 e6 6. Bb5+ Nc6 7. O-O Qb6 8. Qe2 Bd6 9. c4 a6 10. Bxc6+ Qxc6
11. Bxf6 gxf6 12. Nh4 Bxb1 13. Raxb1 O-O-O
0-1